| 000 | 01354nam2a22002891 4500 | ||
|---|---|---|---|
| 001 | v19\rc\1746972 | ||
| 005 | 20250619061250.0 | ||
| 035 | _a(NLR Aleph) 004852200 | ||
| 090 |
_a4932182 _c4932182 |
||
| 100 | _a20061204d1902 |||y0rusy50 ca | ||
| 101 | 0 | _arus | |
| 102 | _aRU | ||
| 105 | _aa z ||||| | ||
| 200 | 1 |
_aЭскадронное ученье _aЧ. 3. Полковое ученье _aЧ. 4. Бригада, дивизия, сводный корпус _aУстав спешенных частей кавалерии _aПравила для смотров и для отдания чести _aКавалерийские сигналы |
|
| 210 |
_d1902 _aБ. м. |
||
| 215 |
_aXV, 318 с. _cил. |
||
| 461 | 0 |
_1001v19\rc\1746969 _12001#$aУстав строевой кавалерийской службы 1896 г.$vЧ. 2 _94932161 _cСанкт-Петербург _d1902-1903 _eНеофиц. изд. Ч. 1 _nВ. Березовский _tУстав строевой кавалерийской службы 1896 г. _vЧ. 2 |
|
| 517 | 0 | _aПолковое ученье | |
| 517 | 0 | _aБригада, дивизия, сводный корпус | |
| 801 | 0 |
_aRU _bNLR _gpsbo |
|
| 801 | 0 |
_aRU _bRuMoRGB _2psbo |
|
| 801 | 1 |
_aRU _bProSoft-M _2rusmarc |
|
| 852 |
_aNLR _j18.41.9.29 |
||
| 899 |
_aRuMoRGB _jF 66/225 |
||
| 899 | _aБАН | ||
| 942 | _cBOOK | ||
| 980 | _aNB | ||